=LDR 00000nam 2200000 4500 =001 INLIS000000000010050 =005 20130612101803 =008 ***********************************Ind** =035 ##$$0010-061300000010050 =041 ##$$a Ind =082 ##$$a 616.123 =090 ##$$a 616.123, Kri p =100 ##$$a Krinatuti, Diah =245 ##$$a Perencanaan menu bagi penderita jantung koroner, Ir. Diah Krinatuti P., MS =260 ##$$a 2003 $b Jakarta =300 ##$$a vii, 74 hlm, ilus, 29 cm =650 ##$$a Penyakit Jantung Koroner =850 ##$$a NBPNMAT